MARC

LEADER 00000nam0a2200000 4500
001 30847
005 20231101210011.0
010 |a 5922100572 
035 |a (RuTPU)RU\TPU\book\31122 
035 |a BOOK00031199 
090 |a 30847 
100 |a 20011209d2001 m y0rusy50 ca 
101 0 |a rus 
102 |a RU 
105 |a a j 001zy 
200 1 |a Квантовая механика. Нерелятивистская теория  |e учебное пособие  |f Л. Д. Ландау, Е. М. Лифшиц 
205 |a 5-е изд., стер. 
210 |a Москва  |c Физматлит  |d 2001 
215 |a 808 с.  |c ил. 
225 1 |a Теоретическая физика  |e в 10 т.  |v Т. 3  |f Л. Д. Ландау, Е. М. Лифшиц 
320 |a Предмет указ.: с. 801-803 
606 1 |a Квантовая механика, нерелятивистская  |2 stltpush  |3 (RuTPU)RU\TPU\subj\72590  |9 86031 
610 1 |a физика 
610 1 |a теоретическая физика 
610 1 |a квантовая механика 
610 1 |a нерелятивистская теория 
610 1 |a импульсы 
610 1 |a уравнения Шредингера 
610 1 |a спин 
610 1 |a атомы 
610 1 |a движение 
610 1 |a столкновения 
610 1 |a учебные пособия 
675 |a 530.145.6(075.8)  |v 3 
700 1 |a Ландау  |b Л. Д.  |c российский физик-теоретик  |c академик АН СССР  |f 1908-1968  |g Лев Давидович  |2 stltpush  |3 (RuTPU)RU\TPU\pers\216  |9 111 
701 1 |a Лифшиц  |b Е. М.  |c российский физик  |f 1915-1985  |g Евгений Михайлович  |2 stltpush  |3 (RuTPU)RU\TPU\pers\23254 
801 0 |a RU  |b 63413507  |c 20011209  |g PSBO 
801 2 |a RU  |b 63413507  |c 20201111  |g PSBO 
942 |c BK